| 000 | 00782cam a2200217 a 4500 | ||
|---|---|---|---|
| 001 | 000015185 | ||
| 005 | 20200929163957.0 | ||
| 008 | 871013s1987 txu b 000 0 spa | ||
| 020 | _a0311270220 | ||
| 040 |
_aDO-SdBNP _bspa _cBNPHU |
||
| 082 |
_a248.4 _bS677t |
||
| 100 | 1 |
_aSobrinho, João Falcão _934399 |
|
| 245 | 1 | 0 |
_aTeología de la mayordomía cristiana / _cJoão Falcão Sobrinho ; traducción N. Aldo Broda. |
| 260 |
_aEstados Unidos : _bComisión de Mayordomía Total ; _bCasa Bautista de Publicaciones, _c1987. |
||
| 300 |
_a136 p. ; _c22 cm. |
||
| 504 | _aIncluye referencias bibliográficas : p. 133-136. | ||
| 650 | 4 |
_aVida cristiana _xEnseñanza bíblica _98328 |
|
| 700 | 1 |
_aBroda, N. Aldo, _etr. _934400 |
|
| 910 | _aCatalogación por copia / LC | ||
| 049 | _aBNGR | ||
| 999 |
_c14756 _d14756 |
||